| 000 | 00838na a2200253 4500 | ||
|---|---|---|---|
| 001 | 18952 | ||
| 003 | MIRAKIL | ||
| 005 | 20181213155051.0 | ||
| 008 | 161205b tu 000 0 | ||
| 040 |
_aMilas _btur _cTR-AnCHP |
||
| 041 | _atur | ||
| 082 |
_a338.9 _bE46 1994 |
||
| 090 | _a338.9 E46 1994 | ||
| 111 |
_aEkonomik İstikrara Doğru (Hedefler - Stratejiler) _d1994 |
||
| 245 |
_aBaşbakan Tansu Çiller ile devlet bakanı ve başbakan yardımcısı Murat Karayalçın'ın ortak basın toplantısı (5 Nisan 1994) _cBaşbakanlık Basın Merkezi |
||
| 260 |
_aAnkara _bBaşbakanlık Basımevi _c1994 |
||
| 300 |
_a62 s. _c23 sm. |
||
| 650 | _aToplantılar | ||
| 650 | _aEkonomik kalkınma | ||
| 650 |
_aEkonomi _xStratejiler |
||
| 650 |
_aEkonomi _xHedefler |
||
| 710 | _aBaşbakanlık Basın Merkezi | ||
| 942 |
_2dcc _cBKS |
||
| 999 |
_c5910 _d5910 |
||